Colour in the Flag Map by Guessing Cities - Statistics

General Stats
  • This quiz has been taken 64,082 times
  • The average score is 10 of 17
Answers on the Map
Answers color-coded by a green-red scale on the quiz's map according to % correct below.
 
Answer Stats
Colour Pop City % Correct
White 10.7 m Paris
99%
Orange 16.3 m Delhi
87%
White 1.11 m Amsterdam
86%
Red 1.32 m Copenhagen
84%
Green 4.90 m Milan
82%
White 18.2 m Mumbai
79%
White 3.57 m Naples
77%
Red 1.66 m Lyon
70%
Red 11.1 m Dhaka
63%
Blue 925 k Bordeaux
54%
Green 10.4 m Bangalore
40%
Red 750 k Bari
34%
White 277 k Aarhus
29%
Blue 299 k Eindhoven
27%
Green 6.02 m Chittagong
24%
Red 213 k Groningen
22%
Blue 2.50 m Nagpur
11%
No matching quizzes found
Score Distribution
Percent of People with Each Score
Percentile by Number Answered
Your Score History
You have not taken this quiz